[Event "AUT_2BO_200607"]
[Site "6 810Zwettl,4 511Bruck/L,2"]
[Date "2006.10.06"]
[Round "1"]
[Board "5"]
[White "Ponjican, Erich"]
[Black "Sekyra, Michael"]
[Result "1/2-1/2"]
[WhiteElo "2125"]
[BlackElo "2113"]
[PlyCount "123"]
[EventDate "2006.10.06"]
[EventType "team"]
[EventRounds "11"]
[EventCountry "AUT"]
[WhiteTeam "SV Tschaturanga Neubau"]
[BlackTeam "St POelten"]

1.e4 c5 2.Nf3 d6 3.d4 cxd4 4.Nxd4 Nf6 5.Nc3 a6 6.Bg5 e6 7.f4 Be7 8.Qf3 Qc7
9.O-O-O Nbd7 10.g4 b5 11.Bxf6 Bxf6 12.g5 Be7 13.h4 b4 14.Nce2 Nc5 15.Ng3 Bb7
16.Kb1 g6 17.h5 O-O-O 18.Nb3 Na4 19.Bd3 Kb8 20.Rh2 f6 21.Qe3 fxg5 22.fxg5 h6
23.e5 Bxg5 24.Qd4 Rhf8 25.Qxb4 Rf5 26.exd6 Rxd6 27.c4 Qd7 28.Nc1 Rf3 29.Ne4 Rb6
30.Qe1 Qg7 31.Nb3 Bf4 32.Rc2 Re3 33.Qf2 g5 34.Nec5 Nxc5 35.Nxc5 Bf3 36.Be2 Bc6
37.Bg4 Qe7 38.Nxe6 Be4 39.Nxf4 Bxc2+ 40.Qxc2 gxf4 41.c5 Rc6 42.Qa4 Qxc5 43.Qxf4+
Ka7 44.Rd7+ Kb6 45.Qb8+ Ka5 46.Qd8+ Rb6 47.Rd5 Re1+ 48.Bd1 Rxd1+ 49.Rxd1 Qf5+
50.Ka1 Qf6 51.Rd5+ Ka4 52.Rd4+ Ka5 53.Rd5+ Ka4 54.Qe8+ Rb5 55.Qe4+ Ka5 56.Qe1+
Kb6 57.Qg1+ Kc6 58.Rxb5 Kxb5 59.a3 Qf3 60.Qg6 Qd1+ 61.Ka2 Qd5+ 62.Ka1

[Event "AUT_2BO_200607"]
[Site "6 810Zwettl,4 511Bruck/L,2"]
[Date "2006.10.06"]
[Round "1"]
[Board "1"]
[White "Rudolf, Herbert"]
[Black "Varga, Zoltan"]
[Result "0-1"]
[WhiteElo "2216"]
[BlackElo "2508"]
[PlyCount "34"]
[EventDate "2006.10.06"]
[EventType "team"]
[EventRounds "11"]
[EventCountry "AUT"]
[WhiteTeam "ASVOe Wulkaprodersdorf"]
[BlackTeam "ASVOe SK Lackenbach"]

1.Nf3 d5 2.c4 d4 3.b4 f6 4.e3 e5 5.Bb2 Nh6 6.c5 a5 7.a3 dxe3 8.fxe3 Be6 9.Bb5+
c6 10.Ba4 Na6 11.Bb3 Bg4 12.Nc3 axb4 13.axb4 Nxb4 14.O-O Nd3 15.Qc2 Rxa1 16.Bxa1
Nxc5 17.Bb2 Bf5

[Event "AUT_2BO_200607"]
[Site "6 810Zwettl,4 511Bruck/L,2"]
[Date "2006.10.06"]
[Round "1"]
[Board "2"]
[White "Hagara, Eduard"]
[Black "Kremsner, Andreas"]
[Result "1/2-1/2"]
[WhiteElo "2383"]
[BlackElo "2214"]
[PlyCount "83"]
[EventDate "2006.10.06"]
[EventType "team"]
[EventRounds "11"]
[EventCountry "AUT"]
[WhiteTeam "ASVOe SK Lackenbach"]
[BlackTeam "ASVOe Wulkaprodersdorf"]

1.e4 c5 2.Nf3 d6 3.d4 cxd4 4.Nxd4 Nf6 5.Nc3 a6 6.Be3 e5 7.Nde2 Ng4 8.Nd5 Nxe3
9.Nxe3 Be7 10.Ng3 g6 11.Bc4 Nc6 12.Qf3 O-O 13.c3 Be6 14.Bd5 Bg5 15.h4 Bxe3
16.Qxe3 Bxd5 17.exd5 Ne7 18.O-O-O f5 19.Qd2 Kg7 20.h5 Ng8 21.hxg6 hxg6 22.Rh3 b5
23.Rdh1 Rf7 24.Rh8 Kf8 25.f4 Qf6 26.Ne2 a5 27.Kb1 Rb8 28.R8h3 b4 29.Rc1 bxc3
30.Rhxc3 Rfb7 31.R1c2 a4 32.fxe5 Qxe5 33.Nf4 Ne7 34.Rh3 Kg8 35.Rh6 a3 36.b3 Kg7
37.Ne6+ Kg8 38.Nf4 Kg7 39.Rc3 Rb4 40.Ne6+ Kg8 41.Rch3 Qe4+ 42.Ka1

[Event "AUT_2BO_200607"]
[Site "6 810Zwettl,4 511Bruck/L,2"]
[Date "2006.10.06"]
[Round "1"]
[Board "3"]
[White "Steinwender, Peter"]
[Black "Vajda, Szidonia"]
[Result "0-1"]
[WhiteElo "2111"]
[BlackElo "2401"]
[PlyCount "98"]
[EventDate "2006.10.06"]
[EventType "team"]
[EventRounds "11"]
[EventCountry "AUT"]
[WhiteTeam "ASVOe Wulkaprodersdorf"]
[BlackTeam "ASVOe SK Lackenbach"]

1.e4 e5 2.Nf3 Nc6 3.Bb5 a6 4.Bxc6 dxc6 5.d4 exd4 6.Qxd4 Qxd4 7.Nxd4 Bd7 8.Nc3
O-O-O 9.Be3 Bb4 10.O-O-O Bxc3 11.bxc3 Re8 12.Nb3 b6 13.Bd4 f6 14.f3 c5 15.Bf2
Ne7 16.Rhe1 Nc6 17.Nd2 Be6 18.Kb2 h5 19.Nf1 Ne5 20.Ne3 a5 21.Bg3 g5 22.Bxe5 fxe5
23.h3 b5 24.c4 b4 25.Kb3 Kb7 26.Rd3 Ra8 27.Ka4 Bf7 28.Kb5 Rh6 29.Ka4 Rd6 30.Rxd6
cxd6 31.Rd1 Be8+ 32.Kb3 a4+ 33.Kb2 a3+ 34.Kc1 Rd8 35.h4 g4 36.Rf1 gxf3 37.gxf3
Bd7 38.Rg1 Rf8 39.Rg3 Be6 40.Kd2 Rf4 41.Ng2 Bxc4 42.Nxf4 exf4 43.Rg6 Kc7 44.Rf6
Bxa2 45.Rxf4 c4 46.Rf5 b3 47.cxb3 cxb3 48.Rb5 b2 49.Kc2 Bc4

[Event "AUT_2BO_200607"]
[Site "6 810Zwettl,4 511Bruck/L,2"]
[Date "2006.10.06"]
[Round "1"]
[Board "4"]
[White "Ranits, Franz"]
[Black "Heiny, Johannes"]
[Result "0-1"]
[WhiteElo "2242"]
[BlackElo "2153"]
[PlyCount "76"]
[EventDate "2006.10.06"]
[EventType "team"]
[EventRounds "11"]
[EventCountry "AUT"]
[WhiteTeam "ASVOe SK Lackenbach"]
[BlackTeam "ASVOe Wulkaprodersdorf"]

1.e4 e6 2.d4 d5 3.Nd2 c5 4.exd5 Qxd5 5.Ngf3 cxd4 6.Bc4 Qd6 7.O-O Nf6 8.Nb3 Nc6
9.Nbxd4 Nxd4 10.Qxd4 Qxd4 11.Nxd4 a6 12.Bf4 b5 13.Bb3 Bc5 14.Rad1 Bb7 15.c3 O-O
16.a4 Bd5 17.Bc2 b4 18.Nb3 Be7 19.Be5 Ne4 20.Nd2 Nxd2 21.Rxd2 f6 22.Bd4 Rab8
23.Bd3 a5 24.c4 Bc6 25.b3 e5 26.Be3 e4 27.Be2 f5 28.Bf4 Rb7 29.Rfd1 g5 30.Bd6 f4
31.Bxe7 Rxe7 32.Bg4 e3 33.Rd6 Be4 34.fxe3 fxe3 35.Re6 Rxe6 36.Bxe6+ Kg7 37.Re1
Bd3 38.h3 e2

[Event "AUT_2BO_200607"]
[Site "6 810Zwettl,4 511Bruck/L,2"]
[Date "2006.10.06"]
[Round "1"]
[Board "5"]
[White "Pallitsch, Clemens"]
[Black "Stranz, Richard"]
[Result "1/2-1/2"]
[WhiteElo "1983"]
[BlackElo "2217"]
[PlyCount "40"]
[EventDate "2006.10.06"]
[EventType "team"]
[EventRounds "11"]
[EventCountry "AUT"]
[WhiteTeam "ASVOe Wulkaprodersdorf"]
[BlackTeam "ASVOe SK Lackenbach"]

1.d4 Nf6 2.c4 e5 3.dxe5 Ng4 4.Nf3 Nc6 5.Bf4 Bb4+ 6.Nbd2 Qe7 7.a3 Ngxe5 8.Nxe5
Nxe5 9.e3 Bxd2+ 10.Qxd2 d6 11.Be2 O-O 12.O-O b6 13.Qc3 Bb7 14.b4 Nd7 15.Rfd1 f5
16.Rac1 Bc6 17.Qd2 a5 18.c5 bxc5 19.bxc5 dxc5 20.Bxc7 Rfc8

[Event "AUT_2BO_200607"]
[Site "6 810Zwettl,4 511Bruck/L,2"]
[Date "2006.10.06"]
[Round "1"]
[Board "6"]
[White "Galavics, Hermann"]
[Black "Heiny, Michael"]
[Result "1-0"]
[WhiteElo "2098"]
[BlackElo "1894"]
[PlyCount "105"]
[EventDate "2006.10.06"]
[EventType "team"]
[EventRounds "11"]
[EventCountry "AUT"]
[WhiteTeam "ASVOe SK Lackenbach"]
[BlackTeam "ASVOe Wulkaprodersdorf"]

1.d4 Nf6 2.c4 g6 3.Nc3 Bg7 4.e4 O-O 5.Bd3 d6 6.Nge2 e5 7.d5 Na6 8.O-O Nc5 9.Bc2
a5 10.f3 Bd7 11.Be3 b6 12.b3 Ne8 13.Qd2 f5 14.exf5 gxf5 15.f4 e4 16.Bd4 Nf6
17.Nd1 Qe8 18.Ne3 Qg6 19.a3 h6 20.b4 Nb7 21.Qc3 Rae8 22.Rab1 Kh7 23.Qe1 Ng4
24.Nxg4 Bxd4+ 25.Nxd4 Qxg4 26.Bd1 Qg6 27.Qe3 Rg8 28.Rf2 h5 29.Rc1 Kg7 30.Rc3 Kh6
31.Qh3 Qf7 32.Re3 axb4 33.axb4 Ra8 34.Ra3 Rxa3 35.Qxa3 Qf6 36.Nc2 Rb8 37.Qa7 Qd8
38.Ne3 Qc8 39.Ra2 Nd8 40.Qa3 Nf7 41.Qb2 Kg6 42.Qf2 Qh8 43.Qg3+ Kh6 44.Qh4 Kg6
45.Ra7 Rc8 46.h3 Qh6 47.Nf1 Qh8 48.Kh2 b5 49.c5 dxc5 50.bxc5 b4 51.Ng3 e3
52.Bxh5+ Kg7 53.c6

[Event "AUT_2BO_200607"]
[Site "6 810Zwettl,4 511Bruck/L,2"]
[Date "2006.10.07"]
[Round "2"]
[Board "1"]
[White "Papp, Gabor"]
[Black "Varga, Zoltan"]
[Result "1-0"]
[WhiteElo "2466"]
[BlackElo "2508"]
[PlyCount "139"]
[EventDate "2006.10.06"]
[EventType "team"]
[EventRounds "11"]
[EventCountry "AUT"]
[WhiteTeam "ASVOe SK Mattersburg"]
[BlackTeam "ASVOe SK Lackenbach"]

1.e4 c5 2.Nf3 g6 3.d4 cxd4 4.Nxd4 Nc6 5.Nc3 Bg7 6.Be3 Nf6 7.Bc4 O-O 8.Bb3 a5
9.O-O d6 10.h3 Bd7 11.Ndb5 a4 12.Nxa4 Nxe4 13.Bb6 Qc8 14.Qe2 Ng5 15.Be3 Nxh3+
16.gxh3 Rxa4 17.Bxa4 Bxb2 18.Rab1 Bf6 19.Na7 Qa8 20.Bxc6 bxc6 21.Qf3 c5 22.Qxa8
Rxa8 23.Rb7 Bxh3 24.Rfb1 Kg7 25.a4 Bf5 26.a5 Bxc2 27.R1b6 Be4 28.Rc7 h5 29.Bd2
h4 30.Nc8 h3 31.a6 g5 32.f4 c4 33.Kh2 gxf4 34.Bxf4 Bd4 35.a7 Rxc8 36.Rxc8 Bxb6
37.Rxc4 Bg2 38.Ra4 e5 39.Bd2 Bxa7 40.Rxa7 d5 41.Ra6 f6 42.Ba5 Kf7 43.Bd8 f5
44.Bf6 f4 45.Bxe5 f3 46.Kg1 Ke7 47.Kf2 d4 48.Rd6 d3 49.Rxd3 Ke6 50.Bh2 Kf5
51.Rd6 Ke4 52.Rh6 Kd4 53.Rh4+ Kd3 54.Be5 Kd2 55.Ra4 Kd3 56.Rb4 Kd2 57.Rb3 Kc2
58.Ra3 Kd2 59.Bf4+ Kc2 60.Ke1 Kb2 61.Re3 Kc2 62.Be5 Kc1 63.Rd3 Kc2 64.Ra3 Kc1
65.Ra2 Kb1 66.Rd2 Kc1 67.Bf4 Kb1 68.Rf2 Bh1 69.Kd1 Bg2 70.Be5

[Event "AUT_2BO_200607"]
[Site "6 810Zwettl,4 511Bruck/L,2"]
[Date "2006.10.07"]
[Round "2"]
[Board "2"]
[White "Hagara, Eduard"]
[Black "Petrik, Tomas"]
[Result "1/2-1/2"]
[WhiteElo "2383"]
[BlackElo "2544"]
[PlyCount "59"]
[EventDate "2006.10.06"]
[EventType "team"]
[EventRounds "11"]
[EventCountry "AUT"]
[WhiteTeam "ASVOe SK Lackenbach"]
[BlackTeam "ASVOe SK Mattersburg"]

1.e4 e6 2.d4 d5 3.e5 c5 4.c3 Qb6 5.Nf3 Nc6 6.a3 c4 7.Nbd2 Na5 8.Be2 Bd7 9.O-O
Ne7 10.Rb1 Qc7 11.Re1 Nc8 12.Nf1 Nb6 13.Bg5 Nb3 14.N3d2 Na5 15.Nf3 Nb3 16.N3d2
Na5 17.f4 Ba4 18.Qc1 h6 19.Bh4 Be7 20.Bxe7 Qxe7 21.Ne3 g6 22.Bd1 Bxd1 23.Qxd1
O-O-O 24.Re2 Kb8 25.Qe1 Rc8 26.Nf3 Ka8 27.Qh4 Qf8 28.Rf1 Rc6 29.h3 a6 30.Qf2

[Event "AUT_2BO_200607"]
[Site "6 810Zwettl,4 511Bruck/L,2"]
[Date "2006.10.07"]
[Round "2"]
[Board "3"]
[White "Petran, Peter"]
[Black "Vajda, Szidonia"]
[Result "0-1"]
[WhiteElo "2320"]
[BlackElo "2401"]
[PlyCount "104"]
[EventDate "2006.10.06"]
[EventType "team"]
[EventRounds "11"]
[EventCountry "AUT"]
[WhiteTeam "ASVOe SK Mattersburg"]
[BlackTeam "ASVOe SK Lackenbach"]

1.g3 d5 2.Bg2 c6 3.Nf3 Nf6 4.b3 Bg4 5.Bb2 Nbd7 6.d3 e6 7.Nbd2 Bd6 8.O-O O-O 9.h3
Bh5 10.c4 Qe7 11.d4 Ne4 12.c5 Bc7 13.b4 a5 14.a3 f5 15.Nb3 a4 16.Nc1 e5 17.dxe5
Nxe5 18.Nxe5 Bxe5 19.Bxe5 Qxe5 20.Nd3 Qf6 21.Nf4 Bf7 22.e3 g5 23.Ne2 Bh5 24.f3
Nc3 25.Nxc3 Qxc3 26.Qd4 Qxd4 27.exd4 f4 28.g4 Bg6 29.Rfe1 Rae8 30.Bf1 Re3 31.Kf2
Rfe8 32.b5 Kf8 33.b6 Rb3 34.Rxe8+ Kxe8 35.Be2 Bd3 36.Bd1 Rb2+ 37.Ke1 Bb5 38.Rc1
Rh2 39.Rc2 Rxh3 40.Rg2 Rh1+ 41.Kd2 Kf7 42.Bc2 h6 43.Bd1 Kf6 44.Rf2 h5 45.gxh5
Rxh5 46.Be2 Bxe2 47.Rxe2 Rh3 48.Re8 Rxf3 49.Rb8 g4 50.Rxb7 g3 51.Rb8 g2 52.Rg8
Rg3

[Event "AUT_2BO_200607"]
[Site "6 810Zwettl,4 511Bruck/L,2"]
[Date "2006.10.07"]
[Round "2"]
[Board "4"]
[White "Ranits, Franz"]
[Black "Brod, Manfred"]
[Result "1-0"]
[WhiteElo "2242"]
[BlackElo "2258"]
[PlyCount "113"]
[EventDate "2006.10.06"]
[EventType "team"]
[EventRounds "11"]
[EventCountry "AUT"]
[WhiteTeam "ASVOe SK Lackenbach"]
[BlackTeam "ASVOe SK Mattersburg"]

1.e4 c5 2.c3 d5 3.exd5 Qxd5 4.d4 Nf6 5.Nf3 Bg4 6.Be2 e6 7.h3 Bh5 8.O-O Nc6 9.Be3
cxd4 10.cxd4 Be7 11.Nc3 Qd6 12.a3 O-O 13.Qb3 Rfd8 14.Rfd1 Rac8 15.Rac1 Nd5
16.Nxd5 Qxd5 17.Qxd5 Rxd5 18.g4 Bg6 19.Ne5 Be4 20.f3 Bg6 21.Nxc6 Rxc6 22.Rxc6
bxc6 23.Rc1 Rd6 24.Rc4 h6 25.Ra4 Rd7 26.Ra6 Bf6 27.Kf2 Rc7 28.b4 Bc2 29.Bc4 Bd1
30.Bd3 Bb3 31.Ke1 Bd5 32.Be4 Rb7 33.Kd2 Kf8 34.Kc3 Ke8 35.Bf4 Kd7 36.Bxd5 cxd5
37.a4 Bd8 38.Bd6 Rb6 39.Rxb6 axb6 40.Bf8 Bf6 41.Kd3 e5 42.dxe5 Bxe5 43.a5 bxa5
44.bxa5 Kc6 45.Bb4 g6 46.Bc3 f6 47.Bd2 h5 48.f4 Bd6 49.f5 hxg4 50.hxg4 gxf5
51.gxf5 Bc5 52.Be3 Be7 53.a6 Bd8 54.a7 Kb7 55.Bc5 Bc7 56.Kd4 Be5+ 57.Kxd5

[Event "AUT_2BO_200607"]
[Site "6 810Zwettl,4 511Bruck/L,2"]
[Date "2006.10.07"]
[Round "2"]
[Board "6"]
[White "Galavics, Hermann"]
[Black "Salamon, Werner"]
[Result "1/2-1/2"]
[WhiteElo "2098"]
[BlackElo "2176"]
[PlyCount "81"]
[EventDate "2006.10.06"]
[EventType "team"]
[EventRounds "11"]
[EventCountry "AUT"]
[WhiteTeam "ASVOe SK Lackenbach"]
[BlackTeam "ASVOe SK Mattersburg"]

1.d4 Nf6 2.c4 e6 3.Nf3 d5 4.Nc3 Be7 5.Bg5 O-O 6.e3 b6 7.cxd5 Nxd5 8.Bxe7 Qxe7
9.Nxd5 exd5 10.Be2 Be6 11.Rc1 Rc8 12.O-O c5 13.b3 a5 14.a4 Nc6 15.Qd2 Nb4 16.Ne5
Bf5 17.Nd3 Bxd3 18.Bxd3 g6 19.Rfd1 Rc7 20.Be2 Rac8 21.dxc5 Rxc5 22.Bf3 Qe5
23.Rxc5 Rxc5 24.Rc1 Rxc1+ 25.Qxc1 Nd3 26.Qd1 Nb4 27.h3 Kg7 28.Qd4 Qxd4 29.exd4
Kf6 30.Kf1 Ke6 31.Ke2 g5 32.Kd2 f5 33.g3 Nc6 34.Kd3 Ne7 35.Be2 Nc8 36.Ke3 Nd6
37.Ba6 Ne4 38.Bc8+ Kf6 39.Bb7 Ke6 40.Bc8+ Kf6 41.Bb7

[Event "AUT_2BO_200607"]
[Site "6 810Zwettl,4 511Bruck/L,2"]
[Date "2006.10.07"]
[Round "2"]
[Board "1"]
[White "Denk, Adolf"]
[Black "Rudolf, Herbert"]
[Result "1/2-1/2"]
[WhiteElo "2294"]
[BlackElo "2216"]
[PlyCount "68"]
[EventDate "2006.10.06"]
[EventType "team"]
[EventRounds "11"]
[EventCountry "AUT"]
[WhiteTeam "St POelten"]
[BlackTeam "ASVOe Wulkaprodersdorf"]

1.d4 Nf6 2.Nf3 e6 3.c4 b6 4.a3 c5 5.Nc3 cxd4 6.Qxd4 Nc6 7.Qd3 Be7 8.Bf4 d5
9.cxd5 exd5 10.Rd1 Be6 11.Qb5 Qd7 12.e4 Rd8 13.Bc4 d4 14.Bxe6 fxe6 15.Nxd4 Nxd4
16.Rxd4 Qxb5 17.Rxd8+ Bxd8 18.Nxb5 Nxe4 19.Nxa7 Bf6 20.Nb5 Bxb2 21.O-O O-O
22.Be3 Nc5 23.Rb1 Be5 24.g3 Ra8 25.Re1 Nd3 26.Rd1 Nb2 27.Rb1 Nc4 28.Rb3 Kf7
29.f4 Nxe3 30.Rxe3 Bf6 31.Kg2 Be7 32.Kf3 Bc5 33.Rb3 Ra4 34.Rd3 h5

[Event "AUT_2BO_200607"]
[Site "6 810Zwettl,4 511Bruck/L,2"]
[Date "2006.10.07"]
[Round "2"]
[Board "2"]
[White "Steinwender, Peter"]
[Black "Roehrl, Karl"]
[Result "1/2-1/2"]
[WhiteElo "2111"]
[BlackElo "2307"]
[PlyCount "78"]
[EventDate "2006.10.06"]
[EventType "team"]
[EventRounds "11"]
[EventCountry "AUT"]
[WhiteTeam "ASVOe Wulkaprodersdorf"]
[BlackTeam "St POelten"]

1.e4 d6 2.d4 g6 3.Nf3 Bg7 4.Bc4 e6 5.O-O Ne7 6.Bb3 O-O 7.Bg5 h6 8.Be3 b6 9.Qd2
Kh7 10.Nc3 Bb7 11.d5 e5 12.Ne1 Ba6 13.Nd3 f5 14.f3 Nd7 15.Rfe1 Nf6 16.Kh1 f4
17.Bf2 Nh5 18.a4 g5 19.a5 Bb7 20.axb6 axb6 21.Rxa8 Bxa8 22.Ba4 Bb7 23.Rf1 Bc8
24.Ne1 Ng6 25.Qe2 Nf6 26.Nb5 h5 27.Na7 Bd7 28.Bxd7 Qxd7 29.Qb5 Qf7 30.Qc6 Ne8
31.Nb5 Bf6 32.Nd3 g4 33.Nc3 gxf3 34.gxf3 Bh4 35.Bxh4 Nxh4 36.Ne1 Rg8 37.Rg1 Qe7
38.Rxg8 Kxg8 39.Qb5 Kf8

[Event "AUT_2BO_200607"]
[Site "6 810Zwettl,4 511Bruck/L,2"]
[Date "2006.10.07"]
[Round "2"]
[Board "3"]
[White "Woeber, Friedrich"]
[Black "Heiny, Johannes"]
[Result "1-0"]
[WhiteElo "2152"]
[BlackElo "2153"]
[PlyCount "153"]
[EventDate "2006.10.06"]
[EventType "team"]
[EventRounds "11"]
[EventCountry "AUT"]
[WhiteTeam "St POelten"]
[BlackTeam "ASVOe Wulkaprodersdorf"]

1.e4 e6 2.d4 d5 3.e5 c5 4.c3 Nc6 5.Be3 Qb6 6.Qd2 cxd4 7.cxd4 Nh6 8.Nc3 Nf5 9.Bd3
Nxe3 10.fxe3 Bd7 11.Nge2 Be7 12.O-O Bg5 13.Rf3 Nxd4 14.Nxd4 Qxd4 15.Qe2 Qxe5
16.Raf1 f5 17.Rg3 Bf6 18.Nb5 O-O 19.Nd4 Rac8 20.Qh5 Be8 21.Qd1 Bg6 22.Bb5 Qd6
23.Qa4 Bxd4 24.exd4 a6 25.Be2 f4 26.Rc3 Rxc3 27.bxc3 Be4 28.Qb3 Qc6 29.a4 Rf7
30.Bh5 g6 31.Bg4 Kg7 32.Qb4 g5 33.Qa5 Rc7 34.Rc1 Kf6 35.c4 b6 36.Qb4 Kf7 37.c5
bxc5 38.Qb8 Qb7 39.Qd8 Re7 40.dxc5 Qb2 41.Bh5+ Bg6 42.Bxg6+ hxg6 43.Rf1 Qd4+
44.Kh1 Qxc5 45.h4 Qc4 46.Rb1 f3 47.gxf3 Qxh4+ 48.Kg2 g4 49.Rb8 Qh3+ 50.Kg1 Qg3+
51.Kf1 Qxf3+ 52.Kg1 Qe3+ 53.Kg2 Qf3+ 54.Kg1 Qe3+ 55.Kg2 Qe4+ 56.Kg1 Qd4+ 57.Kg2
Qg7 58.Rb1 g5 59.Rf1+ Kg6 60.Rf8 Qb2+ 61.Kg1 Qc1+ 62.Kg2 Qc2+ 63.Kg1 Qd1+ 64.Kg2
Qe2+ 65.Kg1 Qe3+ 66.Kg2 Qh3+ 67.Kg1 Qg3+ 68.Kf1 Rf7+ 69.Rxf7 Qh3+ 70.Ke2 Kxf7
71.Qd7+ Kf6 72.Qd8+ Kf5 73.Qf8+ Ke4 74.Qb4+ d4 75.Qb7+ Kf4 76.Qf7+ Kg3 77.Qf2#

[Event "AUT_2BO_200607"]
[Site "6 810Zwettl,4 511Bruck/L,2"]
[Date "2006.10.07"]
[Round "2"]
[Board "5"]
[White "Sekyra, Michael"]
[Black "Heiny, Michael"]
[Result "1/2-1/2"]
[WhiteElo "2113"]
[BlackElo "1894"]
[PlyCount "46"]
[EventDate "2006.10.06"]
[EventType "team"]
[EventRounds "11"]
[EventCountry "AUT"]
[WhiteTeam "St POelten"]
[BlackTeam "ASVOe Wulkaprodersdorf"]

1.e4 e6 2.d4 d5 3.Nc3 dxe4 4.Nxe4 Nd7 5.Nf3 Ngf6 6.Bd3 Nxe4 7.Bxe4 Nf6 8.Bg5 c5
9.O-O h6 10.Bxf6 Qxf6 11.c3 cxd4 12.Nxd4 Bc5 13.Nb3 Bb6 14.Qe2 O-O 15.Rad1 Rb8
16.Rd3 e5 17.Re1 Rd8 18.Rxd8+ Qxd8 19.Bc2 Qf6 20.a4 Bg4 21.Qf1 a6 22.Nd2 Rd8
23.Ne4 Qc6

[Event "AUT_2BO_200607"]
[Site "6 810Zwettl,4 511Bruck/L,2"]
[Date "2006.10.07"]
[Round "2"]
[Board "1"]
[White "Schroll, Gerhard"]
[Black "Srienz, Christian"]
[Result "1-0"]
[WhiteElo "2377"]
[BlackElo "2241"]
[PlyCount "93"]
[EventDate "2006.10.06"]
[EventType "team"]
[EventRounds "11"]
[EventCountry "AUT"]
[WhiteTeam "1 Wr NeustAedter SV"]
[BlackTeam "SV Tschaturanga Neubau"]

1.b3 e5 2.Bb2 Nc6 3.c4 g6 4.e3 Bg7 5.Nf3 Nge7 6.a3 a5 7.Qc2 O-O 8.Be2 d6 9.d3 f5
10.Nbd2 h6 11.h4 Be6 12.O-O-O Qd7 13.d4 Bf7 14.dxe5 a4 15.exd6 axb3 16.Nxb3
Bxb2+ 17.Qxb2 cxd6 18.h5 b5 19.hxg6 Nxg6 20.Rxh6 Qe7 21.Nh4 Nce5 22.Nxg6 Nxg6
23.c5 Rfc8 24.Bf3 Ra4 25.Bd5 Rg4 26.Bxf7+ Qxf7 27.Rxd6 Qg7 28.Qxg7+ Kxg7 29.Rh2
Ne5 30.Rd5 Kf6 31.Rh6+ Ng6 32.Nd4 Rxg2 33.Rh7 Rxf2 34.Rd6+ Ke5 35.Nc6+ Ke4
36.Rxg6 Kd3 37.Nb4+ Kc3 38.Rd6 Rxc5 39.Rd3+ Kc4 40.Rh4+ f4 41.Rxf4+ Rxf4 42.exf4
Rf5 43.Rf3 Kd4 44.Kb2 Ke4 45.Rf1 Ke3 46.Nc2+ Ke2 47.Nd4+

[Event "AUT_2BO_200607"]
[Site "6 810Zwettl,4 511Bruck/L,2"]
[Date "2006.10.07"]
[Round "2"]
[Board "2"]
[White "Kleiser, Gregor"]
[Black "Steiner, Bruno"]
[Result "1/2-1/2"]
[WhiteElo "2276"]
[BlackElo "2259"]
[PlyCount "107"]
[EventDate "2006.10.06"]
[EventType "team"]
[EventRounds "11"]
[EventCountry "AUT"]
[WhiteTeam "SV Tschaturanga Neubau"]
[BlackTeam "1 Wr NeustAedter SV"]

1.e4 c5 2.a3 d5 3.exd5 Qxd5 4.Nc3 Qd8 5.Nf3 Nc6 6.Bb5 Bd7 7.d4 Nxd4 8.Nxd4 cxd4
9.Qxd4 Bxb5 10.Nxb5 a6 11.Qxd8+ Rxd8 12.Nc7+ Kd7 13.Nd5 e6 14.Nb6+ Ke8 15.Be3
Nf6 16.f3 Nd5 17.Nxd5 Rxd5 18.c4 Rd7 19.Ke2 Bd6 20.Rac1 Ke7 21.h3 Rc8 22.b4 Be5
23.Rc2 Rcd8 24.Bb6 Bc7 25.Bxc7 Rxc7 26.Rd1 Rxd1 27.Kxd1 e5 28.Ke2 f5 29.Kd3 Rd7+
30.Kc3 Rd1 31.Rd2 Re1 32.Kc2 h5 33.c5 e4 34.fxe4 fxe4 35.Rd4 e3 36.Kd3 Ra1
37.Re4+ Kf6 38.Rxe3 Rxa3+ 39.Kd4 a5 40.bxa5 Rxa5 41.Kd5 Ra2 42.Re6+ Kf5 43.g4+
hxg4 44.hxg4+ Kxg4 45.Re7 Rd2+ 46.Kc4 Rb2 47.Rxg7+ Kf5 48.Re7 Kf6 49.Re3 Rb1
50.Re2 Kf7 51.Kd4 Rd1+ 52.Kc4 Rb1 53.Kd5 Rd1+ 54.Kc4

[Event "AUT_2BO_200607"]
[Site "6 810Zwettl,4 511Bruck/L,2"]
[Date "2006.10.07"]
[Round "2"]
[Board "3"]
[White "Posch, Werner"]
[Black "Ernst, Michael"]
[Result "1/2-1/2"]
[WhiteElo "2225"]
[BlackElo "2177"]
[PlyCount "79"]
[EventDate "2006.10.06"]
[EventType "team"]
[EventRounds "11"]
[EventCountry "AUT"]
[WhiteTeam "1 Wr NeustAedter SV"]
[BlackTeam "SV Tschaturanga Neubau"]

1.e4 e6 2.d3 d5 3.Nd2 Nf6 4.Ngf3 b6 5.c3 c5 6.Be2 Be7 7.O-O O-O 8.Re1 Qc7 9.Qc2
Bb7 10.Bf1 Re8 11.b3 Nc6 12.Bb2 b5 13.a3 a6 14.e5 Nd7 15.d4 c4 16.b4 f6 17.exf6
Bxf6 18.a4 Rad8 19.axb5 axb5 20.h3 e5 21.dxe5 Ndxe5 22.Rad1 Nxf3+ 23.Nxf3 Rxe1
24.Rxe1 d4 25.cxd4 Nxb4 26.Qf5 Nd5 27.Ne5 Bxe5 28.Rxe5 Qf7 29.Qg5 Rf8 30.f3 Re8
31.Rf5 Qd7 32.Ba3 h6 33.Qg6 b4 34.Bxb4 Nxb4 35.Bxc4+ Kh8 36.Rf7 Qxd4+ 37.Kh2 Rg8
38.Be6 Bd5 39.Bf5 Qf4+ 40.Kh1

[Event "AUT_2BO_200607"]
[Site "6 810Zwettl,4 511Bruck/L,2"]
[Date "2006.10.07"]
[Round "2"]
[Board "4"]
[White "Neff, Gregor"]
[Black "Steiner, Adam"]
[Result "1/2-1/2"]
[WhiteElo "2133"]
[BlackElo "2150"]
[PlyCount "51"]
[EventDate "2006.10.06"]
[EventType "team"]
[EventRounds "11"]
[EventCountry "AUT"]
[WhiteTeam "SV Tschaturanga Neubau"]
[BlackTeam "1 Wr NeustAedter SV"]

1.e4 c5 2.Nc3 Nc6 3.f4 e6 4.Nf3 d6 5.Bb5 Nge7 6.O-O a6 7.Bxc6+ Nxc6 8.d3 Be7
9.Ne2 b5 10.Ng3 Qc7 11.c3 O-O 12.Qe2 a5 13.a3 b4 14.Bd2 Ba6 15.f5 bxc3 16.bxc3
Bf6 17.Nh5 Be5 18.Nxe5 Nxe5 19.c4 exf5 20.Rxf5 Ng6 21.Bc3 f6 22.Ng3 Bc8 23.Rff1
Rb8 24.Rab1 Be6 25.Qd2 a4 26.Qc2

[Event "AUT_2BO_200607"]
[Site "6 810Zwettl,4 511Bruck/L,2"]
[Date "2006.10.07"]
[Round "2"]
[Board "5"]
[White "Todor, Razvan"]
[Black "Ponjican, Erich"]
[Result "0-1"]
[WhiteElo "2185"]
[BlackElo "2125"]
[PlyCount "116"]
[EventDate "2006.10.06"]
[EventType "team"]
[EventRounds "11"]
[EventCountry "AUT"]
[WhiteTeam "1 Wr NeustAedter SV"]
[BlackTeam "SV Tschaturanga Neubau"]

1.c4 Nf6 2.Nc3 g6 3.g3 Bg7 4.Bg2 O-O 5.Nf3 c6 6.b3 d5 7.Bb2 d4 8.Nb1 Ng4 9.h3
Nh6 10.d3 e5 11.Qd2 Re8 12.Na3 a5 13.Nc2 c5 14.O-O Nc6 15.e3 Qd6 16.Rae1 Bd7
17.Ba3 Nb4 18.exd4 exd4 19.Ng5 Bc6 20.Ne4 Qf8 21.Bc1 Nxa2 22.Ba3 Nb4 23.Bc1 Nf5
24.Nxb4 axb4 25.Qf4 Re6 26.Qc7 Be5 27.Nf6+ Bxf6 28.Rxe6 fxe6 29.Bxc6 bxc6
30.Qxc6 Qc8 31.Qf3 Ra1 32.g4 Qa8 33.Qxa8+ Rxa8 34.gxf5 gxf5 35.Kg2 e5 36.Kf3 Ra2
37.Re1 Rc2 38.Bh6 Rc3 39.Ra1 Rxd3+ 40.Ke2 Rxh3 41.Ra8+ Kf7 42.Ra7+ Kg6 43.Bf8
Rxb3 44.Bxc5 Rb2+ 45.Kf1 Bh4 46.Ra6+ Kh5 47.Re6 Rxf2+ 48.Kg1 b3 49.Rb6 b2 50.Ba3
Rc2 51.Bxb2 Rxc4 52.Rb5 Bg3 53.Kg2 Bf4 54.Kf3 Kg5 55.Rb7 e4+ 56.Ke2 d3+ 57.Kd1
Rc7 58.Rb8 Kg4

[Event "AUT_2BO_200607"]
[Site "6 810Zwettl,4 511Bruck/L,2"]
[Date "2006.10.07"]
[Round "2"]
[Board "1"]
[White "Blatny, Pavel"]
[Black "Markos, Jan"]
[Result "1/2-1/2"]
[WhiteElo "2447"]
[BlackElo "2538"]
[PlyCount "124"]
[EventDate "2006.10.06"]
[EventType "team"]
[EventRounds "11"]
[EventCountry "AUT"]
[WhiteTeam "SK Zwettl"]
[BlackTeam "OMV Pamhagen"]

1.b3 Nf6 2.Bb2 d5 3.e3 g6 4.f4 Bg7 5.Be2 O-O 6.Nf3 c5 7.O-O Nc6 8.Ne5 Nxe5
9.Bxe5 Ne8 10.Bxg7 Nxg7 11.d4 Be6 12.Qd2 Rc8 13.c3 Nf5 14.a3 h5 15.b4 b6 16.Ra2
Qd7 17.a4 Nd6 18.Qe1 Bf5 19.dxc5 bxc5 20.Bf3 Qe6 21.Rd2 Be4 22.Bxe4 Nxe4 23.Re2
Qf6 24.b5 a6 25.Rb2 axb5 26.axb5 Rb8 27.f5 gxf5 28.Qd1 e6 29.Qxh5 Kg7 30.Qf3 Qg5
31.b6 Rb7 32.c4 Rfb8 33.cxd5 Rxb6 34.Rxb6 Rxb6 35.dxe6 fxe6 36.Rd1 Rb3 37.Nd2
Qxe3+ 38.Qxe3 Rxe3 39.Nxe4 Rxe4 40.Rd7+ Kf6 41.Rc7 Rc4 42.h4 Rxh4 43.Rxc5 Ra4
44.Kf2 Ra2+ 45.Kf3 Ra3+ 46.Kf2 f4 47.Rb5 e5 48.Ke2 e4 49.Rb8 Ra2+ 50.Kf1 Ke5
51.Rd8 Rc2 52.Rd7 Rc6 53.Rd8 Rd6 54.Re8+ Kd4 55.Ke2 Ra6 56.Rd8+ Ke5 57.Kf1 Ra2
58.Rd7 e3 59.Rg7 Kd4 60.Ke1 Kd3 61.Rd7+ Kc2 62.Rc7+ Kd3